000 00609nam a2200181Ia 4500
008 151202s9999||||xx |||||||||||||| ||und||
082 _bPNVM-61053
100 _aपांढरीपांडे विजय.
245 _aपत्रांजली.
260 _b"दिलीपराज प्रकाशन, पुणे."
260 _c60571
300 _a179
600 _aपांढरीपांडे विजय.
630 _aपत्रांजली.
700 _aपांढरीपांडे विजय.
730 _aपत्रांजली.
942 _cBOOK
999 _c1327587
_d1327584